000 03730nam a2200289Ia 4500
008 130821s1533 sp a gr spa
040 _aCo-BoUCM
_bspa
041 0 _alat
_aspa
092 _aE18N066
130 0 _aFuero Real
245 1 3 _aEl Fuero Real de España
_cDiligentemente hecho por el noble Rey Don Alfonso IX ; Glosado por el egregio doctor Alonso Díaz de Montalvo ; ssí mesmo por un sabio doctor de la Universidad de Salamanca, addicionado y concordado con las Siete Partidas y Leyes del Reyno, dando a cada ley la addición que convenía
260 _aBurgo de osma (Castilla y León, España)
_bJuan de Junta florentino
_c1533
300 _a[24], 263 folios
_bilustraciones
500 _aDetalles físicos: Encuadernación flexible en pergamino, algo manchado y arrugado; con desperfectos en bordes y en parte inferior del lomo. Descuadernado. Se aprecian "maculaturas", de pergaminos manuscritos, a dos tintas. Guarda delantera desprendida y deteriorada en bordes. Hermosa portada de estilo antiguo, impresa a dos tintas con elementos decorativos arma un marco, en el que se inscriben, en la parte superior, el escudo imperial de Carlos Quinto y en la parte inferior, el título de la obra, rota. Texto impreso en forma muy variada en una, dos, tres y cuatro columnas. La parte principal, imprime el texto del "Fuero Regio", en las dos columnas centrales y en caracteres más grandes. Los comentarios, ocupan las columnas que rodean el texto comentado; impreso en caracteres un poco más pequeños. Caracteres góticos. Con muchas abreviaturas. Márgenes amplios. Sobre papel grueso y de calidad. Signaturas. Colofón. Cuatro últimos folios, desprendidos. Ejemplar en regular estado de conservación. En la parte interna de la portada, alguien escribió, con lápiz, una carta al "Señor Don Miguelito Doncel. () querido y fiel amigo: con el placer más grande tomo el lápiz para saludarlo en unión de la señora y los niños...". Sin comentarios. En la portada, tres sellos de tinta que dicen: "El Colegio de Nuestra Señora del Rosario", "Del Colegio de Ntra. Sra. del Rosario" y "Colegio Mayor del Rosario". En la segunda página de "La tabla de los libros y títulos", una anotación de propiedad que dice:"Es de Don Martín Flórez". En el folio 1 lo reitera y lo precisa: Licenciado Don Martín Gerónimo (sic) Flórez".
500 _aIncluye índice.
505 0 _aDe la guarda del Rey. ; De la santa fe católica. ; De la guarda de los hijos del rey. ; De la guarda de las cosas de la santa iglesia. ; De los oficios de los alcaldes. ; De los voceros. ; De los personeros. ; De los pleitos que deben valer y los que no. ; De los juicios: ante quiénes deben ser demandados. ; De los emplazamientos. ; De los testimonios y de las pruebas. ; De las cartas y tratados. ; De las cosas que se ganan o se pierden por tiempo. ; De las juras. ; De las alzadas. ; De los casamientos. ; De las arras que se deben dar. ; De las ganancias del marido y la mujer. ; De las labores y particiones. ; De las mandas. ; De las herencias. ; De la guarda de los huérfanos y sus bienes. ; De los desheredamientos. ; De las "vendidas y compras". ; De las donaciones. ; De las cosas encomendadas (...).
506 _aConsulta en sala.
546 _aTexto en español antiguo y latín.
650 0 4 _aDerecho civil
_912711
650 0 4 _aDerecho
_vFuentes
_zEspaña
_xObras anteriores a 1600
_97494
650 0 4 _aLeyes
_zCastilla (España)
_xObras anteriores a 1600
_918459
650 0 4 _aLeyes
_zEspaña
_xObras anteriores a 1600
_918459
700 1 _aAlfonso
_bIX
_cRey de Castilla
700 1 _aDíaz de Montalvo, Alonso
_d1405-1499
942 _cLIBRO
_a8
_e1
_2DEWEY
_h346.946
999 _c36399
_d36399